01021nam a2200277Ia 450000500170000000800370001702000180005404100080007208200180008010000420009824500590014025000250019930000630022449000190028750000210030650400270032752001430035465000320049765000290052965000300055826400320058833600270062033700330064733800280068004000350070820220317001715.0170328s2008 s ao g 000 0 s a9788434203563 aspa04a751.422bP17g1 aParramón Vilasaló, José María13aEl gran libro de la acuarelacpor José M. Parramón aUndécima edición a191 páginasbilustraciones, fotografías a colorc28 cm aGrandes libros aIncluye glosario aIncluye bibliografía a"El libro más completo sobre enseñanza de pintura a la acuarela. Ilustrado y descripción paso a paso de cada una de las técnicas."142LEMBaAcuarelaxEnseñanza142LEMBaAcuarelavManuales142LEMBaAcuarelavTécnica aBarcelonabParramónc2008 atextobtxt2rdacontent asin mediaciónbn2rdamedia avolumenbnc2rdacarrier aCO-BoRNBPbspaerdacCO-BoRNBP